| 000 | 00803cam a2200277 i 4500 | ||
|---|---|---|---|
| 005 | 20260322212023.0 | ||
| 008 | data | ||
| 010 | _a 80013964 | ||
| 020 |
_a0670396834 : _c{dollar}16.95 |
||
| 020 |
_a9780670396832 : _c{dollar}16.95 |
||
| 040 |
_aDLC _cDLC _dDLC |
||
| 043 | _aaw----- | ||
| 050 | 0 | 0 |
_aDS49.7 _b.R87 |
| 082 | 0 | 0 | _a915.6/0448 |
| 092 | _a915.6 R87 1980 | ||
| 100 | 1 | _aRutstein, Harry. | |
| 245 | 1 | 0 |
_aIn the footsteps of Marco Polo : _ba twentieth century odyssey / _cHarry Rutstein & Joanne Kroll. |
| 260 |
_aNew York : _bViking Press, _c1980. |
||
| 300 |
_a128 p. : _bill. ; _c29 cm. |
||
| 490 | 0 | _aA Studio book | |
| 600 | 1 | 0 | _aRutstein, Harry. |
| 600 | 1 | 0 | _aKroll, Joanne. |
| 651 | 0 |
_aMiddle East _xDescription and travel. |
|
| 700 | 1 |
_aKroll, Joanne, _ejoint author. |
|
| 001 | data | ||
| 999 |
_c517 _d517 |
||